000 00444nam a2200157Ia 4500
008 100122s9999 xx 000 0 und d
082 _b25621
_a923.654
100 _aनारायण जयप्रकाश
245 _aस्वगत
260 _bअभय प्रकाशन
_c1976
300 _a135
630 _aस्वगत
700 _aदेशपांडे पु ल
730 _aस्वगत
942 _cBOOK
999 _c412340
_d412337